Most Walkable Cities in United States 2014 over 350K Quiz Stats

 Plays Quiz not verified by Sporcle

Challenge
Share
Tweet
Embed
Score 0/25 Timer 10:00
0 Plays Today
walk score City % Correct
87.6New York City
98.9%
75.6Miami
98.9%
74.8Chicago
98.9%
83.9San Francisco
98.2%
79.5Boston
98.2%
74.1Washington
98.2%
70.8Seattle
98.2%
76.5Philadelphia
97.8%
62.8Portland
97.4%
55.7Denver
97.1%
48.5San Diego
97.1%
56.8Cleveland
96.7%
52.2Detroit
96.7%
walk score City % Correct
66.2Baltimore
96.4%
63.9Los Angeles
96%
45.9Atlanta
96%
44.2Houston
96%
43.6Dallas
96%
65.4Minneapolis
95.3%
59.4Milwaukee
95.3%
43.4Sacramento
93.1%
68.5Oakland
92%
48.1San Jose
90.1%
65.8Long Beach
73.7%
42.1Fresno
73.4%

You're not logged in!

Compare scores with friends on all Sporcle quizzes.
OR
Log In

You Might Also Like...

Show Comments

Extras

Top Quizzes Today


Score Distribution

Your Account Isn't Verified!

In order to create a playlist on Sporcle, you need to verify the email address you used during registration. Go to your Sporcle Settings to finish the process.

Report this User

Report this user for behavior that violates our Community Guidelines.

Details: